Normal view
MARC view
- تكنولوجيا التعليم - الاردن - طرق التدريس - البحث العلمي - مؤتمرات
Entry Topical Term
001 - CONTROL NUMBER
- control field: 56846
003 - CONTROL NUMBER IDENTIFIER
- control field: JO-AjAnu
005 - DATE AND TIME OF LATEST TRANSACTION
- control field: 20230606083319.0
008 - FIXED-LENGTH DATA ELEMENTS
- fixed length control field: 230606|| aca||aabn | a|a d
040 ## - CATALOGING SOURCE
- Original cataloging agency: JO-AjAnu
- Transcribing agency: JO-AjAnu
150 ## - HEADING--TOPICAL TERM
- Topical term or geographic name entry element: تكنولوجيا التعليم - الاردن - طرق التدريس - البحث العلمي - مؤتمرات
670 ## - SOURCE DATA FOUND
- Source citation: Work cat.: (JO-AjAnu)29007: الجمعية الأردنية للبحث العلمي، منسق المحور جمال أبو الرز؛ إشراف أنو البطيخي؛ مشاركة أمين الكخن واآخرون, author 56845, أساليب التدريس ودمج التكنولوجيا في التعليم: وقائع المؤتمر الرابع للبحث العلمي في الأردن 7/11/2009: الأوراق العلمية المحكمة = eaching and Technology Integration: The Fourth Conference on Scientiffic Reseach in Jordan 7/11/2009